Statistiques concernant Les plus gros transferts du football - Footballeurs suédois

Cliquez ici pour prendre le quiz!

Statistiques générales

  • Ce quiz a été pris 58 fois
  • Le résultat moyen est 8 sur 10

Statistiques - réponses

Montant de transfert (M €)SaisonVenant deAllant àJoueur% Correct
70,002022-2023Real SociedadNewcastle UnitedAlexander Isak
100%
69,502009-2010InterBarceloneZlatan Ibrahimović
100%
24,802006-2007Juventus TurinInterZlatan Ibrahimović
100%
24,002011-2012BarceloneAC MilanZlatan Ibrahimović
100%
21,002012-2013AC MilanParis SGZlatan Ibrahimović
100%
39,002019-2020Atalanta BCJuventus TurinDejan Kulusevski
71%
30,002023-2024Juventus TurinTottenhamDejan Kulusevski
71%
35,002017-2018BenficaManchester UnitedVictor Lindelöf
70%
17,502023-2024Manchester UnitedNottingham ForestAnthony Elanga
50%
21,002023-2024CoventrySporting CPViktor Gyökeres
45%

Distribution des résultats

Percentile par nombre de réponses

% des personnes avec chaque résultat

Votre développement - résultats

Vous n’avez pas pris ce quiz